MDQL
is popping MORE tags! Check the
thread
!
Quizzes
Events
Quiz Creation
Community
Videos
Private Events
Remove Ads
Sign In
Join for FREE
Feedback
Dark Mode
Quiz Categories
Sports
Geography
Music
Movies
Television
Just For Fun
Miscellaneous
History
Literature
Language
Science
Gaming
Entertainment
Religion
Holiday
For Kids
Quiz Lab
Recent
Popular Today
Quiz Kudos Today
Editor Picks
Curator Picks
Quizzes by...
Day
Popularity
Type
Ratings
Length
Year
Community
Subscriptions
Recent Discussions
Orange Saloon
Badges
Playlists
Quests
Create
Leaderboards
Showdown
Live 5
Trivia Bingo
Activity
Puzzle Library
Sporcle Events
Private Events
Virtual Trivia
Globe League
Become a Host
Pub Owners
SporcleCon
Opinionation
Our Games
Videos
Blog
Mobile Apps
Partnerships
Remove Ads and Go Orange
Feedback
Sports
Athletes
MLB
NBA
NHL
NFL
Soccer
Sports Teams
WWE
NCAA
Football
Premier League
Basketball
Baseball
Hockey
Golf
Tennis
Cricket
Rugby
Auto Racing
Olympics
World Cup
Sports
Athletes
MLB
NBA
NHL
NFL
Soccer
Sports Teams
WWE
NCAA
Football
Premier League
Basketball
Baseball
Hockey
Golf
Tennis
Cricket
Rugby
Auto Racing
Olympics
World Cup
Random Quiz
Search Sporcle
×
Quiz Lab
Quiz Lab
Sports
land
Type in answers that appear in a list
Type in answers that appear in a list
Classic
Best Score? Go Orange.
Kan du huske alle Champions League-semifinalisterne? Stats
Nævn alle klubber, der har været i semifinalen i Champions League (kun seneste år for hver klub)
By
stia
5m
28 Questions
707 Plays
707 Plays
707 Plays
Comments
Comments
Give Quiz Kudos
Give Quiz Kudos
-
- Ratings
hide this ad
Replay
Link that replays current quiz
Next Quiz
Link to next quiz in quiz playlist
You Got
0%
They Got
Avg Score
61%
Avg Friend Score
Upgrade to see
Score Distribution
Jump to the score distribution portion of the page
Score
0/28
Timer
05:00
0
Plays Today
Seneste år
Klub
% Correct
2016/
17
Real Madrid
99.6%
2016/
17
Juventus
97.6%
2016/
17
Monaco
92.4%
2016/
17
Atletico Madrid
92.4%
2014/
15
Barcelona
91.4%
2013/
14
Chelsea
91.4%
2010/
11
Manchester United
87.8%
2015/
16
Manchester City
85%
2015/
16
Bayern Munchen
79.3%
2009/
10
Inter
76.8%
2007/
08
Liverpool
76.8%
2008/
09
Arsenal
76.4%
2006/
07
AC Milan
71%
1994/
95
Ajax
65.9%
Seneste år
Klub
% Correct
1994/
95
PSG
62.5%
2003/
04
Porto
61.5%
2009/
10
Lyon
60.1%
2012/
13
Borussia Dortmund
58.8%
2000/
01
Valencia
51.8%
2004/
05
PSV
48.9%
2010/
11
Schalke
45.3%
2001/
02
Bayer Leverkusen
30%
2003/
04
Deportivo
23.8%
1998/
99
Dynamo Kiev
23.6%
2000/
01
Leeds
21.2%
1995/
96
Panathinaikos
20.2%
2006/
06
Villarreal
16.8%
1996/
96
Nantes
6.8%
Quiz Playlist
Details
Report
Send in Message
Add To Playlist
Classic:
Type in answers that appear in a list
Last Updated: May 1, 2017
Quiz Scoreboard
CHALLENGE
Sign Up to Join the Scoreboard
Show All
Scores
Hide
Comments
May contain spoilers
Recently Published
5x2 Blitz: Bands
by SL_Kpop136
Music
30s
Colored Red Africa Blitz
by spor1
Geography
30s
Find the 'City' Movie
by crazypaving
Movies
60s
More to Explore
Quiz From the Vault
Featured Blog Post
14 Easter Pick-up Lines to Find Eggs With
hide this ad
You Might Also Like...
Tags
alle
champion
Champions League
Der
har
kan
land
League
Today's Top Quizzes in Sports
Browse Sports
hide this ad
Today's Top Quizzes in land
Browse land
Top Contributed Quizzes in Sports
1
Players with Multiple 50 Home Run Seasons
2
Criteria MLB: Left Handed Sluggers
3
MLB Players with Two .350 Batting Average Seasons
4
Who Hit More Homers?
5
Premier League Clubs since 2000 (minefield)
6
Who Needs Fielders?
7
2020 F1 Drivers Logic Puzzle
8
Les entraîneurs de l'OM et du PSG au 21e siècle
9
Top 10 NHL Goal Scorers of All Time
10
MLB Hall of Famer by Rings
Explore More
Trending Topics
Kpop
Disney
Marvel
Crossword
Anime
Harry Potter
NBA
Soccer
WWE
Song
Puzzle
Pokémon
NFL
Country
The Office
hide this ad
More By:
stia
Quiz
Plays
Rating
Category
Featured
Created
Hvem har spillet for BÅDE Chelsea og Manchester City?
2,260
4.00
Sports
Apr 5, 2017
Premier League klubber
1,194
Sports
May 29, 2017
De dyreste transfers
1,090
Sports
Aug 29, 2017
Premier League-klubbernes alle tiders topscorere
713
Sports
Dec 28, 2017
Kan du huske alle Champions League-semifinalisterne?
707
Sports
May 1, 2017
Go to Creator's Profile
Score Distribution
Quiz Creator Spotlight
stia
Follow
Send a Message
Quizzes Created
-
Created Quiz Play Count
-
More By This Creator
Popular Quizzes Today
1
Find the 'City' Movie
2
Colored Red Africa Blitz
3
Find the US States - No Outlines Minefield
4
5x2 Blitz: Bands
5
The Countries of the World
6
Find the US States
7
US States
8
9x9 Crossword: Cartoon Network
More Sports Quizzes
F1 Tracks Mika Häkkinen has conquered
Quiz Lab
Trending Quizzes
Colored Red Europe Blitz I
Colored Red Africa Blitz II
Colored Red Europe Blitz II
Colored Red Europe Blitz III
Colored Red Africa Blitz III
Recently Updated
Famous TV Couples
Peacemaker
Champions League XIs: Real Madrid
pecheneg
Largest US Cities 1790-2010
pecheneg
Rides in Walt Disney World
pecheneg
Most Oscar Losses (Acting)
pecheneg
Beyoncé Albums
pecheneg
Leaping Animals
pecheneg
Reality TV Shows (A-Z)
bhenderson79
Rickey Henderson's Hall of Fame Teammates
pecheneg
Champions League XIs: Arsenal
pecheneg
Trending Topics
NBA
Marvel
Disney
Harry Potter
Kpop
Crossword
Anime
Soccer
Song
NFL
Puzzle
WWE
The Office
Pokémon
Country
Your Account Isn't Verified!
In order to create a playlist on Sporcle, you need to verify the email address you used during registration. Go to your
Sporcle Settings
to finish the process.
Report this User
Report this user for behavior that violates our
Community Guidelines
.
Details:
Send Report
Go to the Sporcle.com Mobile Site →
Comments